| 000 | 00904nam a2200193 a 4500 | ||
|---|---|---|---|
| 003 | DO-SdBNP | ||
| 005 | 20211012084645.0 | ||
| 008 | 211008b2017 dr ac||| |||| 00| 0 spa d | ||
| 040 |
_aDO-SdBNP _bspa _cBNPHU |
||
| 082 | _bN124m | ||
| 110 | 2 |
_aNaciones Unidas para el Desarrollo _91238 |
|
| 245 | 1 | 0 |
_aMarco de asistencia de las Naciones Unidas para el Desarrollo : _bMANUD 2018-2022. |
| 260 |
_aSanto Domingo : _bMinisterio de Economía, Planificación y Desarrollo. _bSistema de las Naciones Unidas para el Desarrollo, _c2017. |
||
| 300 |
_a96 p. : _bil. ; _c28 cm. |
||
| 505 | 2 |
_tPreámbulo -- _tIntroducción -- _tÁreas de cooperación -- _tMecanismo de coordinación y de implementación -- _tPapel de los socios -- _tVentajas comparativas del Sistema de las Naciones Unidas -- _tMonitoreo y evaluación -- _tMatrices. |
|
| 590 | _aInventariado, 2021 /LP | ||
| 910 | _aLopérez | ||
| 942 |
_2ddc _cLBS1 |
||
| 999 |
_c50726 _d50726 |
||